Normal view
MARC view
Entry Personal Name
001 - CONTROL NUMBER
- control field: 634207
003 - CONTROL NUMBER IDENTIFIER
- control field: OSt
005 - DATE AND TIME OF LATEST TRANSACTION
- control field: 20221005123758.0
008 - FIXED-LENGTH DATA ELEMENTS
- fixed length control field: 221005|| aca||aabn | a|a d
040 ## - CATALOGING SOURCE
- Original cataloging agency: OSt
- Transcribing agency: OSt
100 ## - HEADING--PERSONAL NAME
- Personal name: Arnani Mohammad Au
670 ## - SOURCE DATA FOUND
- Source citation: Work cat.: (OSt)1048451: Arnani Mohammad Au., Majmua al-ghilat-e-al-lughviah al muasir, 1986
